| 000 | 00690nam a22001577a 4500 | ||
|---|---|---|---|
| 999 |
_c8427 _d8428 |
||
| 008 | 200120b ||||| |||| 00| 0 eng d | ||
| 020 | _a9788129137425 | ||
| 082 | _a361.1 BHA | ||
| 100 | _aBhagat, Chetan | ||
| 245 |
_aMaking India awesome : _bnew essays & columns |
||
| 260 |
_aNew Delhi : _bRupa, _c2015. |
||
| 300 |
_a177 pages : _billustrations (black and white) ; _c22 cm. |
||
| 500 | _aCollection subset: Social Welfare Bibliography note: Includes bibliographical references. Additional phys. form: Also available as an e-book. | ||
| 650 | _a Social problems -- India; India -- Politics and government -- 21st century; India -- Social conditions -- 21st century; | ||
| 942 | _2ddc | ||